Players Who Scored 100 Goals in Serie A or More - Statistics

General Stats
  • This quiz has been taken 178 times
    6 since last reset
  • The average score is 31 of 93
Answer Stats
Position Teams Still Playing? Answer Goals % Correct
11 Juventus No (1993-2012) Alessandro Del Piero 188
100%
8 Juventus, Genoa, Torino, Lazio, Bologna Not in Italy (2009-2026) Ciro Immobile 201
100%
2 Roma No (1992-2017) Francesco Totti 250
100%
51 Napoli, Juventus, Milan No (2013-2020) Gonzalo Higuain 125
100%
23 Parma, Atalanta, Juventus, Milan No (1995-2012) Filippo Inzaghi 156
83%
13 Fiorentina, Roma, Inter No (1991-2003) Gabriel Batistuta 183
83%
22 Cagliari No (1964-1976) Gigi Riva 156
83%
43 Palermo, Juventus, Roma Yes (2012-2026) Paulo Dybala 131
83%
7 Fiorentina, Juventus, AC Milan, Bologna, Inter, Brescia No (1985-2004) Roberto Baggio 205
83%
41 Inter, Juventus No (1977-1989) Alessandro Altobelli 132
67%
49 Milan No (1999-2009) Andriy Shevchenko 127
67%
6 Empoli, Udinese No (2002-2016) Antonio di Natale 209
67%
53 Juventus No (2000-2010) David Trezeguet 123
67%
45 Sassuolo Yes (2013-2026) Domenico Berardi 130
67%
64 Napoli No (2013-2022) Dries Mertens 113
67%
50 Napoli, Udinese, Sampdoria, Atalanta, Torino Yes (2013-2026) Duvan Zapata 127
67%
14 Sampdoria, Udinese, Juventus, Torino, Napoli, Ascoli No (1999-2023) Fabio Quagliarella 182
67%
54 Sampdoria, Juventus No (1984-1996) Gianluca Vialli 123
67%
48 Alessandria, Milan No (1958-1979) Gianni Rivera 128
67%
4 Inter, AC Milan, Lazio No (1929-1947) Giuseppe Meazza 216
67%
91 Ancona, Lazio, Inter, Napoli, Genoa No (2001-2022) Goran Pandev 101
67%
28 Parma, Lazio, Inter, Milan, Genoa No (1996-2012) Hernan Crespo 153
67%
40 Inter Yes (2018-2026) Lautaro Martinez 132
67%
20 Vicenza, Brescia, Palermo, Fiorentina, Roma, Genoa, Juventus, Hellas Verona No (2000-2016) Luca Toni 157
67%
86 Lecce, Udinese, Sampdoria, Fiorentina, Atalanta Not in Italy (2011-2024) Luis Muriel 103
67%
56 Sampdoria, Inter Not in Italy (2012-2019) Mauro Icardi 121
67%
62 Inter No (1960-1977) Alessandro Mazzola 116
50%
31 Torino, Atalanta, Juventus, Lazio, Inter, Milan, Fiorentina No (1991-2009) Christian Vieri 142
50%
78 Roma, Inter, Fiorentina Not in Italy (2015-2026) Edin Dzeko 107
50%
66 Palermo, Napoli Not in Italy (2007-2013) Edinson Cavani 112
50%
63 Atalanta, Fiorentina, Sampdoria, Inter, Milan, Hellas Verona No (2004-2020) Giampaolo Pazzini 114
50%
3 AC Milan, Roma No (1949-1958) Gunnar Nordahl 225
50%
30 Juventus, Napoli No (1957-1969) Omar Sivori 147
50%
47 Juventus No (1970-1983) Roberto Bettega 129
50%
19 Varese, Cagliari, Inter, Juventus No (1965-1979) Roberto Boninsegna 162
50%
68 Chievo Verona No (2002-2019) Sergio Pellissier 112
50%
21 Juventus, Inter, Milan No (2004-2023) Zlatan Ibrahimovic 156
50%
12 Piacenza,Hellas Verona, Parma, Milan, Fiorentina, Genoa, Bologna, Palermo, Empoli, Pescara No (1999-2017) Alberto Gilardino 188
33%
61 Palermo, Torino, Roma, Fiorentina, Como, Cagliari Yes (2014-2026) Andrea Belotti 116
33%
67 Bari, Roma, Sampdoria, Milan, Inter, Parma No (1999-2017) Antonio Cassano 111
33%
57 Atalanta, Lecce,Torino, Livorno, Parma, Napoli No (1997-2012) Cristiano Lucarelli 120
33%
46 Torino, Fiorentina, Roma, Udinese No (1973-1987) Francesco Graziani 130
33%
15 Juventus No (1946-1961) Giampiero Boniperti 178
33%
10 Foggia,Lazio, Sampdoria, Bologna No (1991-2004) Giuseppe Signori 188
33%
5 Milan, Napoli, Juventus No (1958-1976) José Altafini 216
33%
33 Lazio, Salernitana, Parma, Juventus, Genoa, Bologna No (1994-2012) Marco Di Vaio 142
33%
93 Brescia, Napoli No (2004-2019) Marek Hamsik 100
33%
88 Ascoli, Udinese, Milan, Chievo No (1991-2003) Oliver Bierhoff 102
33%
24 Bologna, Sampdoria, Lazio No (1981-2000) Roberto Mancini 156
33%
1 Pro Vercelli, Lazio, Juventus, Novara No (1929-1954) Silvio Piola 274
33%
35 Sampdoria, Roma No (1996-2009) Vincenzo Montella 141
33%
85 Inter, Hellas Verona, Parma, Juventus, Fiorentina, Cesena No (1999-2012) Adrian Mutu 103
17%
32 Inter, Alessandria No (1947-1959) Benito Lorenzi 142
17%
37 Sampdoria, Cremonese, Parma, Fiorentina,Lazio, Siena No (1988-2008) Enrico Chiesa 138
17%
72 Alessandria, Juvenrus, Inter, Bologna No (1929-1942) Giovanni Ferrari 110
17%
65 Sampdoria, Padova, Juventus, Perugia, Napoli, Como, Modena, Messina, Reggina, Torino, Siena, Parma, Atalanta No (1993-2010) Nicola Amoruso 113
17%
92 Milan, Roma, Fiorentina No (1966-1978) Pierino Prati 100
17%
89 Empoli, Lazio, Inter No (2002-2013) Tommaso Rocchi 102
17%
60 Udinese, Roma, Parma, Fiorentina No (1989-2002) Abel Balbo 117
0%
29 Sampdoria, Atalanta, Vicenza No (1946-1958) Adriano Bassetto 149
0%
76 Milan No (1936-1945) Aldo Boffi 108
0%
16 Roma, Inter, Napoli No (1936-1956) Amedeo Amadei 174
0%
75 Bologna No (1929-1938) Angelo Schiavio 109
0%
80 Napoli, Genoa, Lucchese No (1929-1937) Antonio Vojak 106
0%
73 Lazio, Napoli, Ascoli, Bologna No (1975-1992) Bruno Giordano 109
0%
71 Palermo, Roma, Milan, Udinese, Genoa, Lazio No (1949-1966) Carlo Galli 110
0%
26 Pro Patria, Bologna No (1929-1948) Carlo Reguzzoni 155
0%
79 Roma, Fiorentina, Atalanta, Juventus No (1955-1966) Dino Da Costa 107
0%
77 Sampdoria, Inter, Genoa No (1955-1963) Eddie Firmani 108
0%
58 Bologna, Milan No (1938-1949) Ettore Puricelli 119
0%
44 Bologna No (1955-1969) Ezio Pasciuti 130
0%
84 Perugia, Juventus, Fiorentina, Palermo No (2002-2013) Fabrizio Miccoli 103
0%
42 Juventus, Torino, Alessandria No (1932-1947) Felice Borel 131
0%
81 Alessandria, Inter, Torino No (1946-1956) Gino Armano 105
0%
83 Milan, Bologna No (1940-1956) Gino Cappello 104
0%
59 Bologna, Napoli, Milan No (1953-1963) Gino Pivatelli 118
0%
74 Fiorentina, Inter, Sampdoria, Genoa, Como No (1939-1955) Giuseppe Baldini 110
0%
17 Atalanta, Bologna, Napoli No (1965-1980) Giuseppe Savoldi 168
0%
18 Juventus, Torino No (1934-1949) Guglielmo Gabetto 164
0%
27 Inter, Roma No (1948-1956) Istvan Nyers 153
0%
36 Juventus, Lazio No (1948-1955) John Hansen 139
0%
9 Juventus, Padova, Fiorentina, Milan, Napoli No (1956-1971) Kurt Hamrin 190
0%
70 Palermo, Roma, Udinese, Lazio, Inter, Modena No (1952-1963) Lorenzo Bettini 110
0%
25 Napoli, Bologna, Vicenza, Inter No (1955-1968) Luis Vinicio 155
0%
34 Torino, Udinese, Fiorentina No (1967-1985) Paolo Pulici 142
0%
82 Varese, Juventus, Inter, Ascoli No (1967-1981) Pietro Anastasi 105
0%
52 Pro Vercelli, Napoli,Inter, Torino,Novara No (1929-1950) Pietro Ferraris II 124
0%
90 Cagliari, Juventus, Udinese, Milan, Lecce No (1974-1991) Pietro Paolo Virdis 102
0%
55 Milan, Lazio No (1947-1959) Renzo Burini 123
0%
69 Milan, Torino, Juventus, Genoa No (1946-1957) Riccardo Carapellese 111
0%
39 Genoa, Roma, Fiorentina No (1973-1989) Roberto Pruzzo 133
0%
38 Inter, Triestina, Padova, Sampdoria, Modena, Torino No (1952-1965) Sergio Brighenti 136
0%
87 Lecco, Bologna, Atalanta, Hellas Verona, Fiorentina, Napoli, Lazio No (1960-1978) Sergio Clerici 103
0%
No matching quizzes found
Score Distribution
Percent of People with Each Score
Percentile by Number Answered
Your Score History
You have not taken this quiz since the last reset